[Event "St Veit op 42nd"]
[Site "St Veit"]
[Date "2023.07.11"]
[Round "5"]
[White "Staufenberger, Bernd"]
[Black "Praxmarer, Christian"]
[Result "1/2-1/2"]
[WhiteElo "1863"]
[BlackElo "1974"]
[PlyCount "80"]
[EventDate "2023.07.08"]
[EventType "swiss"]
[EventRounds "9"]
[EventCountry "AUT"]
[SourceTitle "CBM 215 Extra"]
[Source "ChessBase"]
[SourceDate "2023.09.30"]
[SourceVersion "1"]
[SourceVersionDate "2023.09.30"]
[SourceQuality "1"]

1. e4 c6 2. d4 d5 3. exd5 cxd5 4. c4 Nf6 5. Nc3 Nc6 6. Bg5 Be6 7. a3 h6 8. Bxf6 exf6 9. Be2 Qa5 10. c5 a6 11. b4 Qc7 12. Bf3 0-0-0 13. Nge2 g5 14. g3 f5 15. Qd2 Bg7 16. 0-0-0 h5 17. h4 g4 18. Bg2 Bh6 19. Nf4 Ne7 20. b5 Qa5 21. bxa6 bxa6 22. Kb2 Ng6 23. Nce2 Qxd2+ 24. Rxd2 Kd7 25. Ka2 Rb8 26. Rb1 Nxf4 27. Nxf4 Bxf4 28. gxf4 Rxb1 29. Kxb1 Rg8 30. Rd3 Kc7 31. Rb3 a5 32. Re3 a4 33. Bf1 Kc6 34. Kc2 Rb8 35. Rc3 Re8 36. Re3 Rb8 37. Rc3 Re8 38. Re3 Rd8 39. Rc3 Bd7 40. Re3 Be6 1/2-1/2

[Event "Staufer op 29th"]
[Site "Schwaebisch Gmuend"]
[Date "2017.01.03"]
[Round "3"]
[White "Keymer, Vincent"]
[Black "Staufenberger, Bernd"]
[Result "1-0"]
[WhiteElo "2428"]
[BlackElo "2042"]
[PlyCount "97"]
[EventDate "2017.01.02"]
[EventType "swiss"]
[EventRounds "9"]
[EventCountry "GER"]
[SourceTitle "CBM 176 Extra"]
[Source "ChessBase"]
[SourceDate "2017.03.02"]
[SourceVersion "1"]
[SourceVersionDate "2017.03.02"]
[SourceQuality "1"]

1. d4 Nf6 2. c4 g6 3. Nc3 d5 4. Bg5 Ne4 5. Bh4 Nxc3 6. bxc3 c5 7. cxd5 Qxd5 8. Nf3 Bg7 9. e3 Nc6 10. Be2 0-0 11. 0-0 cxd4 12. cxd4 b6 13. Rc1 e6 14. Bc4 Qd7 15. Bb5 Bb7 16. Qa4 Rfc8 17. Qb3 Qd6 18. Bg3 Qe7 19. Qa4 Nb4 20. Rxc8+ Rxc8 21. Qxa7 Nd5 22. Ba6 Bxa6 23. Qxa6 Qd8 24. Qa3 Bf8 25. Qb2 Nc3 26. Ne5 b5 27. f3 Qd5 28. Be1 Nd1 29. Qe2 Nc3 30. Bxc3 Rxc3 31. Qb2 Rxe3 32. Ng4 Qg5 33. Nxe3 Qxe3+ 34. Kh1 b4 35. Rd1 Bd6 36. Qd2 Qa3 37. d5 exd5 38. Qxd5 Bf8 39. h3 Qc3 40. Qb3 Qe5 41. Qd3 Qe6 42. Qd2 h5 43. Re1 Qc6 44. Re4 Qb5 45. Qe2 Qd5 46. Re8 Qd6 47. Qe5 Qd1+ 48. Kh2 Qd7 49. Qb8 1-0

[Event "Staufer op 29th"]
[Site "Schwaebisch Gmuend"]
[Date "2017.01.02"]
[Round "2"]
[White "Staufenberger, Bernd"]
[Black "Buckels, Valentin"]
[Result "0-1"]
[WhiteElo "2042"]
[BlackElo "2309"]
[PlyCount "38"]
[EventDate "2017.01.02"]
[EventType "swiss"]
[EventRounds "9"]
[EventCountry "GER"]
[SourceTitle "CBM 176 Extra"]
[Source "ChessBase"]
[SourceDate "2017.03.02"]
[SourceVersion "1"]
[SourceVersionDate "2017.03.02"]
[SourceQuality "1"]

1. e4 e5 2. f4 exf4 3. Nf3 Ne7 4. d4 d5 5. Nc3 dxe4 6. Nxe4 Nd5 7. Bd3 Be7 8. 0-0 0-0 9. c4 Ne3 10. Bxe3 fxe3 11. Qe2 f5 12. Ng3 f4 13. Ne4 Bg4 14. d5 Nd7 15. g3 Ne5 16. gxf4 Rxf4 17. Ned2 Nxd3 18. Qxd3 exd2 19. Qxh7+ Kxh7 0-1

[Event "Prague Holiday M31"]
[Site "Prague"]
[Date "2013.07.29"]
[Round "3"]
[White "Staufenberger, Bernd"]
[Black "Gregor, Jiri"]
[Result "0-1"]
[WhiteElo "2062"]
[BlackElo "2276"]
[PlyCount "72"]
[EventDate "2013.07.28"]
[EventType "tourn"]
[EventRounds "9"]
[EventCountry "CZE"]
[SourceTitle "EXT 2023"]
[Source "ChessBase"]
[SourceDate "2022.10.05"]
[SourceVersion "1"]
[SourceVersionDate "2022.10.05"]
[SourceQuality "1"]

1. e4 c5 2. Nf3 d6 3. d4 cxd4 4. Nxd4 Nf6 5. Nc3 a6 6. g3 e6 7. Bg2 Qc7 8. Be3 Be7 9. h3 Bd7 10. g4 h6 11. f4 Nc6 12. Nde2 b5 13. Ng3 Rc8 14. a3 Na5 15. Rf1 Nc4 16. Bc1 Nh7 17. Rf3 0-0 18. b3 Nb6 19. Bb2 Bc6 20. Rd3 a5 21. Rc1 b4 22. Nce2 d5 23. axb4 axb4 24. e5 Bb5 25. Rf3 d4 26. Nxd4 Rfd8 27. c4 bxc3 28. Bxc3 Bc5 29. Bb2 Qe7 30. Bf1 Bxd4 31. Rxc8 Nxc8 32. Bxd4 Qb4+ 33. Rc3 Rxd4 34. Qxd4 Qxd4 35. Rxc8+ Nf8 36. Bxb5 Qb4+ 0-1

[Event "Prague Holiday M31"]
[Site "Prague"]
[Date "2013.07.28"]
[Round "2"]
[White "Rut, Vojtech"]
[Black "Staufenberger, Bernd"]
[Result "1-0"]
[WhiteElo "2105"]
[BlackElo "2062"]
[PlyCount "76"]
[EventDate "2013.07.28"]
[EventType "tourn"]
[EventRounds "9"]
[EventCountry "CZE"]
[SourceTitle "EXT 2023"]
[Source "ChessBase"]
[SourceDate "2022.10.05"]
[SourceVersion "1"]
[SourceVersionDate "2022.10.05"]
[SourceQuality "1"]

1. d4 d5 2. c4 e6 3. Nf3 Nf6 4. g3 c5 5. cxd5 Nxd5 6. Bg2 Nc6 7. 0-0 cxd4 8. Nxd4 Be7 9. Nxc6 bxc6 10. e4 Nb4 11. Qa4 Qb6 12. Be3 Qa6 13. Qb3 0-0 14. Rd1 c5 15. Na3 e5 16. Qc3 Be6 17. Qxe5 Rfc8 18. Bf1 Qc6 19. Nc4 Nc2 20. Rac1 Nxe3 21. Nxe3 Bf6 22. Qf4 Bxb2 23. Rc2 Bf6 24. e5 Be7 25. Bg2 Qb5 26. Bxa8 Rxa8 27. Nf5 Bf8 28. h4 Rb8 29. Nd6 Qc6 30. Rdc1 Bh3 31. Qe4 Qxe4 32. Nxe4 Bf5 33. Rc4 Rb2 34. a4 Be6 35. R4c2 Rxc2 36. Rxc2 Bf5 37. Rc4 Be6 38. Rc2 c4 1-0

[Event "Graz op 18th"]
[Site "Graz"]
[Date "2011.08.30"]
[Round "4"]
[White "Loebler, Heimo"]
[Black "Staufenberger, Bernd"]
[Result "1/2-1/2"]
[WhiteElo "2153"]
[BlackElo "2067"]
[PlyCount "88"]
[EventDate "2011.08.27"]
[EventType "swiss"]
[EventRounds "9"]
[EventCountry "AUT"]
[SourceTitle "CBM 144 Extra"]
[Source "ChessBase"]
[SourceDate "2011.10.28"]
[SourceVersion "1"]
[SourceVersionDate "2011.10.28"]
[SourceQuality "1"]

1. d4 d5 2. c4 e6 3. Nc3 c6 4. e4 dxe4 5. Nxe4 Bb4+ 6. Bd2 Qxd4 7. Bxb4 Qxe4+ 8. Be2 Na6 9. Bc3 e5 10. Nf3 Ne7 11. Bxe5 f6 12. Bc3 Be6 13. Qd4 Qxd4 14. Nxd4 Bd7 15. 0-0 0-0-0 16. b4 Nf5 17. b5 cxb5 18. cxb5 Nxd4 19. Bxd4 Bxb5 20. Bxb5 Rxd4 21. Bxa6 bxa6 22. Rfc1+ Kd7 23. Rab1 Ke6 24. Rb7 g5 25. Rxa7 Rd6 26. g3 h5 27. Rc4 Rb8 28. h4 Kf5 29. hxg5 fxg5 30. Ra4 Rbb6 31. Ra5+ Kg4 32. Kg2 h4 33. Ra4+ Kh5 34. gxh4 gxh4 35. Rh7+ Rh6 36. Rxh6+ Rxh6 37. Kh3 Kg5 38. a3 Kf5 39. f4 Rg6 40. Kxh4 Rg4+ 41. Kh3 Rxf4 42. Rxa6 Ke5 43. Kg3 Rf8 44. Rb6 Kd5 1/2-1/2

[Event "Graz op 18th"]
[Site "Graz"]
[Date "2011.08.29"]
[Round "3"]
[White "Staufenberger, Bernd"]
[Black "Stagl, Marco"]
[Result "1-0"]
[WhiteElo "2067"]
[BlackElo "2124"]
[PlyCount "64"]
[EventDate "2011.08.27"]
[EventType "swiss"]
[EventRounds "9"]
[EventCountry "AUT"]
[SourceTitle "CBM 144 Extra"]
[Source "ChessBase"]
[SourceDate "2011.10.28"]
[SourceVersion "1"]
[SourceVersionDate "2011.10.28"]
[SourceQuality "1"]

1. d4 d5 2. c4 c6 3. Nf3 e6 4. Nc3 a6 5. e4 dxc4 6. Bxc4 b5 7. Bb3 c5 8. d5 c4 9. Bc2 Bb7 10. 0-0 exd5 11. Nxd5 Bxd5 12. exd5 Bd6 13. a4 Nd7 14. Nd4 Kf8 15. axb5 axb5 16. Rxa8 Qxa8 17. Nxb5 Bxh2+ 18. Kxh2 Qb8+ 19. Kg1 Qxb5 20. Ba4 Qb7 21. b3 cxb3 22. Ba3+ Ke8 23. Re1+ Kd8 24. Bxb3 Nh6 25. Be7+ Ke8 26. Ba4 Nf5 27. d6 f6 28. Qc2 Nh6 29. Bxf6+ Kf7 30. Re7+ Kxf6 31. Qc3+ Kf5 32. Bxd7+ Kg5 1-0

[Event "Graz op 18th"]
[Site "Graz"]
[Date "2011.08.28"]
[Round "2"]
[White "Staufenberger, Bernd"]
[Black "Mitkovski, Zarko"]
[Result "0-1"]
[WhiteElo "2067"]
[BlackElo "2151"]
[PlyCount "98"]
[EventDate "2011.08.27"]
[EventType "swiss"]
[EventRounds "9"]
[EventCountry "AUT"]
[SourceTitle "CBM 144 Extra"]
[Source "ChessBase"]
[SourceDate "2011.10.28"]
[SourceVersion "1"]
[SourceVersionDate "2011.10.28"]
[SourceQuality "1"]

1. d4 Nf6 2. Nf3 g6 3. c4 Bg7 4. Nc3 0-0 5. e4 d6 6. h3 c5 7. d5 e5 8. Bg5 h6 9. Be3 Nh5 10. Nh2 Nf4 11. g3 Nh5 12. Be2 Nf6 13. Qd2 Kh7 14. g4 Ng8 15. 0-0-0 a6 16. Rdg1 b5 17. g5 b4 18. Nd1 h5 19. Nf3 Ne7 20. Nh4 Rh8 21. Rg3 Kg8 22. Kb1 Kf8 23. Rf1 Ke8 24. f4 exf4 25. Bxf4 Rf8 26. Nf2 Qb6 27. Nd3 Nd7 28. Bd1 Bd4 29. Ba4 Kd8 30. Rgf3 Ra7 31. Qh2 Kc7 32. Bc6 Nxc6 33. Bxd6+ Kd8 34. dxc6 Qxc6 35. Nxg6 Re8 36. Nh4 Qxe4 37. Nf5 Ne5 38. Bxe5 Bxe5 39. Qc2 Bxf5 40. Rxf5 Bd4 41. R5f4 Qe6 42. Nxb4 Qe1+ 43. Qc1 Qxb4 44. a3 Qa5 45. Rf5 Rb7 46. b4 Rxb4+ 47. axb4 Qxb4+ 48. Kc2 Qxc4+ 49. Kb1 Qb3+ 0-1

[Event "Graz op-A 17th"]
[Site "Graz"]
[Date "2010.09.05"]
[Round "9"]
[White "Brandstetter, Dieter"]
[Black "Staufenberger, Bernd"]
[Result "1-0"]
[WhiteElo "2082"]
[BlackElo "2071"]
[PlyCount "57"]
[EventDate "2010.08.21"]
[EventType "swiss"]
[EventRounds "9"]
[EventCountry "AUT"]
[SourceTitle "CBM 138 Extra"]
[Source "ChessBase"]
[SourceDate "2010.10.29"]
[SourceVersion "1"]
[SourceVersionDate "2010.10.29"]
[SourceQuality "1"]

1. d4 d5 2. c4 e6 3. Nc3 c6 4. e3 f5 5. Bd3 Nh6 6. Qc2 Bd6 7. Nge2 a6 8. c5 Bc7 9. Bd2 Qf6 10. f3 e5 11. dxe5 Bxe5 12. f4 Bc7 13. 0-0-0 Be6 14. Nd4 Nd7 15. Nce2 0-0 16. h3 g6 17. g4 fxg4 18. hxg4 Nxg4 19. Rdg1 Nf2 20. Bxg6 Nxh1 21. Nxe6 Ne5 22. Bxh7+ Kf7 23. Nxc7 Rac8 24. fxe5 Qh6 25. Qg6+ Qxg6 26. Bxg6+ Ke7 27. Rxh1 Rxc7 28. Rh7+ Kd8 29. Ba5 1-0

[Event "Graz op-A 17th"]
[Site "Graz"]
[Date "2010.08.30"]
[Round "3"]
[White "Schachinger, Mario"]
[Black "Staufenberger, Bernd"]
[Result "1-0"]
[WhiteElo "2353"]
[BlackElo "2071"]
[PlyCount "83"]
[EventDate "2010.08.21"]
[EventType "swiss"]
[EventRounds "9"]
[EventCountry "AUT"]
[SourceTitle "CBM 138 Extra"]
[Source "ChessBase"]
[SourceDate "2010.10.29"]
[SourceVersion "1"]
[SourceVersionDate "2010.10.29"]
[SourceQuality "1"]

1. d4 d5 2. c4 e6 3. Nf3 c6 4. e3 f5 5. Bd3 Nh6 6. 0-0 Bd6 7. b3 Nd7 8. Ba3 Qe7 9. Bxd6 Qxd6 10. Nc3 0-0 11. Qc2 Nf6 12. g3 Bd7 13. Ne5 Nfg4 14. Nf3 Qe7 15. h3 Nf6 16. Ne5 Ne4 17. Kh2 Nxc3 18. Qxc3 Nf7 19. Nxf7 Qxf7 20. Qb4 Be8 21. Qd6 Qf6 22. cxd5 exd5 23. Qxf6 Rxf6 24. Rac1 Kf8 25. Rc5 Rd8 26. b4 a6 27. a4 Rdd6 28. Rb1 g5 29. b5 axb5 30. axb5 h5 31. bxc6 bxc6 32. Rb8 f4 33. exf4 gxf4 34. g4 hxg4 35. hxg4 Ke7 36. Ra5 Bd7 37. Ra7 Rh6+ 38. Kg2 Kf6 39. Rf8+ Kg5 40. Rg8+ Kh4 41. Ra1 f3+ 42. Kxf3 1-0

[Event "Graz op-A 17th"]
[Site "Graz"]
[Date "2010.08.28"]
[Round "1"]
[White "Halvax, Georg"]
[Black "Staufenberger, Bernd"]
[Result "0-1"]
[WhiteElo "2255"]
[BlackElo "2071"]
[PlyCount "62"]
[EventDate "2010.08.21"]
[EventType "swiss"]
[EventRounds "9"]
[EventCountry "AUT"]
[SourceTitle "CBM 138 Extra"]
[Source "ChessBase"]
[SourceDate "2010.10.29"]
[SourceVersion "1"]
[SourceVersionDate "2010.10.29"]
[SourceQuality "1"]

1. e4 e6 2. d4 d5 3. Nc3 Bb4 4. e5 c5 5. a3 Ba5 6. b4 cxd4 7. Nb5 Bc7 8. f4 Bd7 9. Nxd4 Ne7 10. Ngf3 Nbc6 11. Be3 Bb6 12. Bd3 g6 13. c3 Rc8 14. Qd2 Nf5 15. Bxf5 Nxd4 16. Nxd4 exf5 17. 0-0 0-0 18. Rf3 f6 19. Re1 Re8 20. Bf2 fxe5 21. fxe5 Be6 22. Rh3 Qd7 23. Qf4 Rc4 24. Qg5 Rec8 25. Qf6 Rxd4 26. Rh6 Rg4 27. Bxb6 axb6 28. Rxh7 Kxh7 29. Re3 g5 30. Rh3+ Rh4 31. Rg3 Rg8 0-1

[Event "Graz op-A 16th"]
[Site "Graz"]
[Date "2009.09.05"]
[Round "8"]
[White "Makk, Robert"]
[Black "Staufenberger, Bernd"]
[Result "1-0"]
[WhiteElo "2129"]
[BlackElo "2067"]
[PlyCount "65"]
[EventDate "2009.08.29"]
[EventType "swiss"]
[EventRounds "9"]
[EventCountry "AUT"]
[SourceTitle "CBM 132 Extra"]
[Source "ChessBase"]
[SourceDate "2009.11.03"]
[SourceVersion "1"]
[SourceVersionDate "2009.11.03"]
[SourceQuality "1"]

1. e4 e6 2. d4 d5 3. Nd2 Be7 4. Bd3 c5 5. dxc5 Bxc5 6. exd5 Qxd5 7. Ne4 Nd7 8. Nxc5 Nxc5 9. Bb5+ Bd7 10. Qxd5 exd5 11. Bxd7+ Kxd7 12. Be3 Na4 13. 0-0-0 Ne7 14. Ne2 b6 15. Nf4 Kc6 16. Nd3 f6 17. Rhe1 Rhe8 18. Nb4+ Kd6 19. Bf4+ Kc5 20. Na6+ Kc6 21. Nc7 Ng6 22. Rxe8 Rxe8 23. Nxe8 Nxf4 24. Nxg7 Nxg2 25. Nh5 f5 26. Rg1 Nh4 27. Rg7 Nf3 28. h3 a5 29. Rxh7 Ng5 30. Rh6+ Kc5 31. Nf4 Kd4 32. Nd3 Ke4 33. Rh4+ 1-0

[Event "Graz op-A 16th"]
[Site "Graz"]
[Date "2009.08.31"]
[Round "3"]
[White "Zupe, Miran"]
[Black "Staufenberger, Bernd"]
[Result "1/2-1/2"]
[WhiteElo "2344"]
[BlackElo "2067"]
[PlyCount "52"]
[EventDate "2009.08.29"]
[EventType "swiss"]
[EventRounds "9"]
[EventCountry "AUT"]
[SourceTitle "CBM 132 Extra"]
[Source "ChessBase"]
[SourceDate "2009.11.03"]
[SourceVersion "1"]
[SourceVersionDate "2009.11.03"]
[SourceQuality "1"]

1. e4 e6 2. d4 d5 3. Nc3 Bb4 4. e5 c5 5. Bd2 Ne7 6. Nb5 Bxd2+ 7. Qxd2 0-0 8. dxc5 Nd7 9. Nf3 Nxc5 10. 0-0-0 f5 11. exf6 Rxf6 12. Bd3 Bd7 13. Nc3 Qf8 14. Rde1 Nxd3+ 15. Qxd3 Ng6 16. Qd2 Re8 17. Nd1 Bc6 18. Ne5 Qd6 19. Nxg6 hxg6 20. f3 e5 21. Nf2 Rfe6 22. h4 e4 23. fxe4 dxe4 24. Qxd6 Rxd6 25. Ng4 Rde6 26. Ne3 Rf6 1/2-1/2